000 00357nam a2200157Ia 4500
008 100122s9999 xx 000 0 und d
082 _b76161
_a823.08
100 _aHARIHARAN GITHA
245 _aFUGITIVE HISTORIES
250 _a1
260 _c2006
300 _a244
630 _aFUGITIVE HISTORIES
730 _aFUGITIVE HISTORIES
942 _cBOOK
999 _c392902
_d392899